000
00308 a2200157 4500
001
162415
020
_a
040
_c
Magnum
100
_a
Braido, Selma
240
1
0
_a
A polegarzinha
_l
por
245
1
0
_a
A polegarzinha
362
0
_a
1899
440
1
_a
FTD
697
_a
I/FADAS, FANTASIA
942
_c
BK
999
_c
162415
_d
162415